000 01032nam a2200241 i 4500
001 190700
003 ES-MaACL
005 20250804110807.0
008 220510s1994 sp a 000 0 spa
080 _a75 Rodríguez del Hoyo, Santiago (083.824)
100 1 _aRodríguez del Hoyo, Santiago,
_d1960-
_9174449
245 1 0 _aAnimalario :
_benero-febrero 1995 /
_cSantiago Rodríguez del Hoyo.
260 _aMadrid :
_bGalería Ángel Romero,
_c[1994]
300 _a[40] p. :
_bprincipalmente il. ;
_c28 cm +
_e1 díptico (18 x 15 cm)
501 _aCon: Santiago Rodríguez del Hoyo : pintura, 4 de mayo-26 de mayo 2006: Ateneo de Madrid, Sala de Santa Catalina (díptico)
600 1 4 _aRodríguez del Hoyo, Santiago,
_d1960-
_vExposiciones
_9174450
610 2 4 _aAteneo de Madrid-
_vExposiciones-
_y2001-2009
_91924
655 7 _2tgfbne
_9193628
_aCatálogos de exposiciones
710 2 _aAteneo de Madrid.
_bSala de Santa Catalina.
_91964
852 4 _aES-MaACL
_j2343-F-19
942 _2udc
999 _c190700
_d190700